00345 a2200133 450000100060000002000180000604000260002410000160005024000500006624500450011630000100016136200090017165000310018048365 a9788578480240 cAnchieta - Bela Vista aZEE, Meneer10aA história dos lobos de todas as coreslpor10aA história dos lobos de todas as cores a29 p.0 a2009 4aLiteratura infanto-juvenil